[Event "33. GM Bosna 2003"]
[Site "Sarajevo"]
[Date "2003.05.18"]
[Round "1"]
[White "Kurajica, Bojan"]
[Black "Kasimdzhanov, Rustam"]
[Result "1/2-1/2"]
[WhiteElo "2551"]
[BlackElo "2680"]
[PlyCount "95"]
[EventDate "18.??.??"]

1. d4 d5 2. Nf3 Nf6 3. c4 e6 4. e3 c5 5. cxd5 exd5 6. Bb5+ Bd7 7. Bxd7+ Nbxd7
8. dxc5 Nxc5 9. O-O Be7 10. Nc3 O-O 11. b3 Qd7 12. Bb2 Rac8 13. Rc1 Rfd8 14.
Ne2 Nce4 15. Nfd4 Rxc1 16. Bxc1 Bc5 17. f3 Nd6 18. Qd3 Re8 19. Bd2 Bb6 20. Kh1
a6 21. a4 h5 22. Be1 Qe7 23. Bf2 Bc5 24. Rc1 Ba3 25. Rd1 Bc5 26. Nc2 g6 27.
Ncd4 Qe5 28. Qb1 Kg7 29. Qc2 Rc8 30. Bg3 Qe8 31. Qd2 Qe7 32. Bh4 Bxd4 33. Nxd4
Nde8 34. Ne2 Qe5 35. Bg3 Qe7 36. Nd4 Nd7 37. Re1 Nef6 38. h4 Qc5 39. Rd1 Qc3
40. Bf4 Qxd2 41. Rxd2 Rc3 42. Rc2 Rxc2 43. Nxc2 Ng8 44. Bd6 Nh6 45. Nd4 Kf6 46.
Bf4 Nf5 47. Bg5+ Ke5 48. Bf4+ 1/2-1/2

[Event "33. GM Bosna 2003"]
[Site "Sarajevo"]
[Date "2003.05.19"]
[Round "2"]
[White "Shirov, Alexei"]
[Black "Sokolov, Ivan"]
[Result "1/2-1/2"]
[WhiteElo "2735"]
[BlackElo "2677"]
[PlyCount "98"]
[EventDate "2003.??.??"]

1. e4 e5 2. Nf3 Nc6 3. Bb5 a6 4. Ba4 Nf6 5. O-O Be7 6. Re1 b5 7. Bb3 d6 8. c3
O-O 9. h3 Nb8 10. d4 Nbd7 11. Nbd2 Bb7 12. Bc2 c5 13. Nf1 Re8 14. Ng3 cxd4 15.
cxd4 exd4 16. Nxd4 d5 17. exd5 Bxd5 18. Ndf5 Bf8 19. Be3 Qc7 20. Qd2 Qb7 21.
Bd4 Bxg2 22. Qg5 g6 23. Nh6+ Bxh6 24. Qxh6 Rxe1+ 25. Rxe1 Re8 26. Rxe8+ Nxe8
27. Qe3 Ng7 28. Bxg7 Kxg7 29. Qg5 Bxh3 30. Nh5+ Kg8 31. Qd8+ Nf8 32. Be4 Qc8
33. Nf6+ Kh8 34. Qe7 Be6 35. Kg2 Nd7 36. Nxd7 Bxd7 37. Qxf7 Be6 38. Qf6+ Kg8
39. a3 Bf7 40. f3 Qd7 41. b4 a5 42. bxa5 Qd2+ 43. Kh3 Qxa5 44. Qd6 Qa7 45. Kg2
Bc4 46. Bd5+ Bxd5 47. Qxd5+ Kf8 48. Qxb5 Qxa3 49. Qb8+ Kg7 1/2-1/2

[Event "33. GM Bosna 2003"]
[Site "Sarajevo"]
[Date "2003.05.20"]
[Round "3"]
[White "Kurajica, Bojan"]
[Black "Shirov, Alexei"]
[Result "1/2-1/2"]
[WhiteElo "2551"]
[BlackElo "2735"]
[PlyCount "38"]
[EventDate "2003.??.??"]

1. d4 d5 2. Nf3 c6 3. e3 Nf6 4. c4 Bf5 5. cxd5 cxd5 6. Nc3 e6 7. Ne5 Nfd7 8.
Nxd7 Qxd7 9. Bd3 Bxd3 10. Qxd3 Nc6 11. O-O Be7 12. b3 O-O 13. Bb2 Nb4 14. Qe2
Rfc8 15. Rac1 Rc6 16. a3 Na6 17. Qd3 Rac8 18. Nb5 Rxc1 19. Rxc1 Rxc1+ 1/2-1/2

[Event "33. GM Bosna 2003"]
[Site "Sarajevo"]
[Date "2003.05.22"]
[Round "5"]
[White "Kurajica, Bojan"]
[Black "Kozul, Zdenko"]
[Result "1/2-1/2"]
[WhiteElo "2551"]
[BlackElo "2601"]
[PlyCount "88"]
[EventDate "2003.??.??"]

1. d4 Nf6 2. Nf3 c5 3. c3 e6 4. g3 cxd4 5. cxd4 d5 6. Bg2 Be7 7. O-O O-O 8. Ne5
Nbd7 9. Nc3 a6 10. Bf4 Qb6 11. Na4 Qa7 12. Rc1 Nxe5 13. dxe5 Nd7 14. Be3 Qb8
15. f4 a5 16. Qc2 b6 17. Qc6 Bc5 18. Bf2 Rd8 19. Bxc5 bxc5 20. Nxc5 Nxc5 21.
Qxc5 Qxb2 22. Rc2 Qb8 23. Rfc1 Ba6 24. Qd4 Qb4 25. Qxb4 axb4 26. Rb2 Rdb8 27.
Kf2 h6 28. h4 g5 29. hxg5 hxg5 30. Bf3 Kg7 31. Rcb1 Bc4 32. Rxb4 Rxb4 33. Rxb4
Rxa2 34. Bh5 Bd3 35. fxg5 Bg6 36. Bxg6 Kxg6 37. Rf4 Ra7 38. Rf6+ Kxg5 39. Kg2
Rb7 40. Kf2 Ra7 41. Kg2 Ra4 42. Rxf7 Re4 43. Kf3 Rxe5 44. Rf4 Kg6 1/2-1/2

[Event "33. GM Bosna 2003"]
[Site "Sarajevo"]
[Date "2003.05.24"]
[Round "6"]
[White "Shirov, Alexei"]
[Black "Kasimdzhanov, Rustam"]
[Result "1/2-1/2"]
[WhiteElo "2735"]
[BlackElo "2680"]
[PlyCount "81"]
[EventDate "2003.??.??"]

1. e4 e5 2. Nf3 Nc6 3. Bb5 a6 4. Ba4 Nf6 5. O-O Be7 6. Re1 b5 7. Bb3 O-O 8. h3
Bb7 9. d3 d6 10. a3 Na5 11. Ba2 c5 12. Nbd2 Nc6 13. Nf1 Bc8 14. c3 Be6 15. Bxe6
fxe6 16. Ng3 Qe8 17. a4 Qd7 18. d4 exd4 19. cxd4 cxd4 20. Nxd4 Nxd4 21. Qxd4
bxa4 22. Rxa4 Rfb8 23. Qc4 d5 24. exd5 exd5 25. Qa2 Bb4 26. Rd1 Qe6 27. Bg5 Kh8
28. Bxf6 Qxf6 29. Rxd5 a5 30. Qb1 Re8 31. Rd1 Rad8 32. Rf1 Qf7 33. b3 Rd5 34.
Ra2 Red8 35. Rc2 Qg6 36. Re2 Rd3 37. Qc2 h6 38. Rb1 Qf7 39. Ne4 Qd5 40. f3 Qf7
41. Kh1 1/2-1/2

[Event "33. GM Bosna 2003"]
[Site "Sarajevo"]
[Date "2003.??.??"]
[Round "6"]
[White "Sokolov, Ivan"]
[Black "Kurajica, Bojan"]
[Result "1-0"]
[WhiteElo "2677"]
[BlackElo "2551"]
[PlyCount "119"]
[EventDate "2003.??.??"]

1. d4 e6 2. c4 Bb4+ 3. Bd2 Qe7 4. Nc3 f5 5. e3 b6 6. Qh5+ g6 7. Qf3 Nc6 8. a3
Bxc3 9. Bxc3 Nf6 10. d5 exd5 11. cxd5 Ne5 12. Qf4 d6 13. Qd4 Bb7 14. Nf3 Nxd5
15. Nxe5 dxe5 16. Qxe5 Qxe5 17. Bxe5 Rf8 18. Bb5+ c6 19. Bc4 O-O-O 20. O-O Rfe8
21. Bg3 Rd7 22. Rfe1 a5 23. Rac1 g5 24. h3 Kd8 25. Red1 Re6 26. Bd3 Rf7 27. f3
f4 28. exf4 gxf4 29. Bh4+ Kc7 30. Bc4 Kb8 31. Bf2 Rg6 32. Bd4 Rf8 33. Bd3 Rg5
34. b4 axb4 35. axb4 Nxb4 36. Bxb6 Nxd3 37. Rxd3 Rfg8 38. Rc2 Rb5 39. Bc5 Kc8
40. Rd4 Rg5 41. Bd6 Rgd5 42. Rxd5 Rxd5 43. Bxf4 Kd7 44. Kf2 Ke6 45. Be3 Kf7 46.
g4 h5 47. Rc3 hxg4 48. hxg4 Rd6 49. f4 Rg6 50. Ra3 Rd6 51. Kg3 Bc8 52. Ra5 Rd3
53. Re5 Rd5 54. Rxd5 cxd5 55. f5 d4 56. Bxd4 Ba6 57. g5 Bd3 58. Kf4 Bc2 59. g6+
Kg8 60. Kg5 1-0

[Event "33. GM Bosna 2003"]
[Site "Sarajevo"]
[Date "2003.05.26"]
[Round "8"]
[White "Damljanovic, Branko"]
[Black "Dizdarevic, Emir"]
[Result "1-0"]
[WhiteElo "2587"]
[BlackElo "2491"]
[PlyCount "87"]
[EventDate "2003.??.??"]

1. d4 d5 2. c4 c6 3. Nf3 e6 4. Nbd2 Nf6 5. g3 Nbd7 6. Bg2 Bd6 7. O-O O-O 8. Qc2
Qe7 9. Re1 b6 10. e4 dxe4 11. Nxe4 Nxe4 12. Qxe4 Bb7 13. Bg5 Nf6 14. Qc2 c5 15.
d5 Rae8 16. Nh4 Qc7 17. Bxf6 gxf6 18. Qd2 Bc8 19. Rad1 Rd8 20. Qh6 Be7 21. Re3
f5 22. Nf3 Rd6 23. Ng5 Bxg5 24. Qxg5+ Kh8 25. Qf6+ Kg8 26. Qg5+ Kh8 27. Rde1
Qd8 28. Qf4 Rg8 29. Bf3 Rg7 30. b3 Qf8 31. Rd1 Rd8 32. Qb8 Qe7 33. Ree1 Rdg8
34. Qf4 Qf6 35. a4 a5 36. dxe6 Bxe6 37. Rd6 Qc3 38. Qe3 Qb4 39. Red1 f4 40.
Qxf4 Qxb3 41. Qf6 Qc2 42. Rd8 h5 43. R1d3 Qb1+ 44. Kg2 1-0